| 000 | 00441nam a2200169Ia 4500 | ||
|---|---|---|---|
| 003 | LK-CoDNM | ||
| 008 | 010623t1960 xxu||||| |||| 00| 1 eng d | ||
| 040 |
_aLK-CoDNM _dLK-CoDNM _eLK-CoDNM |
||
| 041 | _aeng | ||
| 080 |
_a77 _bMEL |
||
| 100 | _aMele,Pietro Francesco. | ||
| 245 | _aCeylon : A Collection of Photographs | ||
| 260 |
_bK.V.G.de Silva Sons _aColombo _c1960 |
||
| 300 | _b76ill., 21 cm | ||
| 650 | _aPhotography | ||
| 942 | _cBK | ||
| 999 |
_c105213 _d105213 |
||